|
|
|
|
| LEADER |
01464nam a2200301 a 4500 |
| 001 |
GR-Antirio1037 |
| 008 |
140704s2008 ne g b 001 0 eng d |
| 020 |
|
|
|a 9780123742551
|
| 040 |
|
|
|a GrPaTEI
|b gre
|c GR-PaULI
|
| 040 |
|
|
|a GrPaTEI
|b gre
|c GR-PaULI
|
| 082 |
|
0 |
|a 005.133
|2 22
|
| 100 |
1 |
|
|a Calvert, Kenneth L.
|
| 245 |
1 |
0 |
|a TCP/IP sockets in java :
|b practical guide for programmers /
|c Kenneth L. Calvert, Michael J. Donahoo.
|
| 250 |
|
|
|a 2nd ed.
|
| 260 |
|
|
|a Boston :
|b Morgan Kaufmann Publishers,
|c 2008
|
| 300 |
|
|
|a xiv, 177 σ. :
|b εικ.
|
| 490 |
0 |
|
|a The Morgan Kaufmann practical guides series
|
| 504 |
|
|
|a Περιλαμβάνει βιβλιογραφικές παραπομπές και ευρετήριο.
|
| 650 |
|
0 |
|a Internet programming
|
| 650 |
|
0 |
|a Java (Computer program language)
|
| 650 |
|
0 |
|a TCP / IP (Computer network protocol)
|
| 700 |
1 |
|
|a Donahoo, Michael J.
|
| 710 |
0 |
|
|a Morgan Kaufmann
|
| 942 |
|
|
|2 ddc
|
| 952 |
|
|
|0 0
|1 0
|2 ddc
|4 0
|6 005_133000000000000_CAL
|7 0
|9 262784
|a LISK-2
|b LISK-2
|c BSC
|d 2021-01-17
|e 24
|f 0
|g 0.00
|l 0
|o 005.133 CAL
|p 2430000008175
|r 2021-01-17 00:00:00
|t 1
|w 2021-01-17
|y BK15
|x 20140704 0 ΧΑΣΑΝΗ 1
|x GrPaTEI - Antirrio
|
| 952 |
|
|
|0 0
|1 0
|2 ddc
|4 0
|6 005_133000000000000_CAL
|7 0
|9 262785
|a LISK-2
|b LISK-2
|c BSC
|d 2021-01-17
|e 24
|f 0
|g 0.00
|l 0
|o 005.133 CAL
|p 2430000008176
|r 2021-01-17 00:00:00
|t 1
|w 2021-01-17
|y BK15
|x 20140704 0 ΧΑΣΑΝΗ 1
|x GrPaTEI - Antirrio
|
| 971 |
|
|
|a .b25708363
|b 15-04-20
|c 12-09-16
|
| 999 |
|
|
|c 151391
|d 151391
|